|
|
|
|
| LEADER |
00000naa2a2200000 4500 |
| 001 |
176338 |
| 005 |
20231031165248.0 |
| 035 |
|
|
|a (RuTPU)RU\TPU\book\191170
|
| 035 |
|
|
|a RU\TPU\tpu\3948
|
| 090 |
|
|
|a 176338
|
| 100 |
|
|
|a 20100226d1967 k y0rusy50 ca
|
| 101 |
0 |
|
|a rus
|
| 102 |
|
|
|a RU
|
| 200 |
1 |
|
|a Исследование закона распределения напряжения начала ионизации в экскаваторных кабелях
|f В. С. Дмитревский (Дмитриевский), Ю. Н. Шумилов
|
| 463 |
|
0 |
|0 (RuTPU)RU\TPU\book\121289
|t Тезисы докладов и сообщений Всесоюзной межвузовской научно-технической конференции по вопросам создания и методам испытания высоковольтной физической аппаратуры, Томск, 1967 г.
|f Томский политехнический институт, Научно-исследовательский институт ядерной физики (НИИ ЯФ) ; под ред. Г. А. Месяца
|i С. 87-88
|d 1967
|p 126 с.
|
| 610 |
1 |
|
|a электротехника
|
| 610 |
1 |
|
|a труды учёных ТПУ
|
| 700 |
|
1 |
|a Дмитревский (Дмитриевский)
|b В. С.
|c специалист в области электротехники
|c доцент Томского политехнического института, кандидат технических наук
|f 1927-
|g Виктор Сергеевич
|2 stltpush
|3 (RuTPU)RU\TPU\pers\12388
|
| 701 |
|
1 |
|a Шумилов
|b Ю. Н.
|
| 801 |
|
0 |
|a RU
|b 63413507
|c 20011210
|g PSBO
|
| 801 |
|
2 |
|a RU
|b 63413507
|c 20191209
|g PSBO
|
| 942 |
|
|
|c BK
|